000 00239nam a2200085Ia 4500
008 120527s9999 xx 000 0 und d
100 _aHuman Development Rept
245 _aHIV & AIDS:a challenge to sustainable human development.
942 _cBK
999 _c23611
_d23611